书目信息 |
| 题名: |
共情、关爱与正义
|
|
| 作者: | 方德志 著 | |
| 分册: | ||
| 出版信息: | 北京 中国社会科学出版社 2021.10 |
|
| 页数: | 300页 | |
| 开本: | 24cm | |
| 丛书名: | ||
| 单 册: | ||
| 中图分类: | B82-095 | |
| 科图分类: | ||
| 主题词: | 伦理学--lun li xue--思想史--研究--西方国家--现代 | |
| 电子资源: | ||
| ISBN: | 978-7-5203-9271-6 | |
| 000 | 01251nam0 2200253 450 | |
| 001 | 011025153905 | |
| 005 | 20221025153905.0 | |
| 010 | @a978-7-5203-9271-6@dCNY128.00 | |
| 099 | @aCAL 012021152126 | |
| 100 | @a20201004d2021 emky0chiy0120 ea | |
| 101 | 0 | @achi |
| 102 | @aCN@b110000 | |
| 105 | @ay a 000yy | |
| 106 | @ar | |
| 200 | 1 | @a共情、关爱与正义@Agong qing guan ai yu zheng yi@e当代西方关爱情感主义伦理思想研究@f方德志著 |
| 210 | @a北京@c中国社会科学出版社@d2021.10 | |
| 215 | @a300页@d24cm | |
| 320 | @a有书目 (第283-300页) | |
| 330 | @a当代西方关爱情感主义伦理思想是女权运动长期积累的思想产物,在20世纪70-80年代由女性主义者从女性心理学视角率先提出的,最初叫女性主义关爱伦理学。后来通过与共情/移情(empathy)心理学和德性复兴运动的融合发展,成为当代英语世界一种超越性别的、反映人类一般情感需求的情感主义伦理理论。它主张用从人际关爱和心理共情的情感伦理视角来建构一种社会道德理论及其社会正义理论(即情感主义政治学),具有广泛的理论应用价值。 | |
| 517 | 1 | @a当代西方关爱情感主义伦理思想研究@Adang dai xi fang guan ai qing gan zhu yi lun li si xiang yan jiu |
| 606 | 0 | @a伦理学@Alun li xue@x思想史@x研究@y西方国家@z现代 |
| 690 | @aB82-095@v5 | |
| 701 | 0 | @a方德志@Afang de zhi@f1979-@4著 |
| 905 | @a河南城建学院图书馆@dB82-095@eF199 | |
| 共情、关爱与正义:当代西方关爱情感主义伦理思想研究/方德志著.-北京:中国社会科学出版社,2021.10 |
| 300页;24cm |
| ISBN 978-7-5203-9271-6:CNY128.00 |
| 当代西方关爱情感主义伦理思想是女权运动长期积累的思想产物,在20世纪70-80年代由女性主义者从女性心理学视角率先提出的,最初叫女性主义关爱伦理学。后来通过与共情/移情(empathy)心理学和德性复兴运动的融合发展,成为当代英语世界一种超越性别的、反映人类一般情感需求的情感主义伦理理论。它主张用从人际关爱和心理共情的情感伦理视角来建构一种社会道德理论及其社会正义理论(即情感主义政治学),具有广泛的理论应用价值。 |
| ● |
| 相关链接 |
|
|
|
正题名:共情、关爱与正义
索取号:B82-095/F199
 
预约/预借
| 序号 | 登录号 | 条形码 | 馆藏地/架位号 | 状态 | 备注 |
| 1 | 1589995 | 215899954 | 社科库509/509社科库 21排3列1层/ [索取号:B82-095/F199] | 在馆 |